|
|
|
|
| LEADER |
01079nam a2200277 a 4500 |
| 001 |
2984 |
| 003 |
BD-DhAAL |
| 005 |
20150617105818.0 |
| 008 |
150617s1996 nyu 001 0 eng d |
| 010 |
|
|
|a 96222172
|
| 020 |
|
|
|a 0471145580
|
| 040 |
|
|
|a MiTrWC
|c MiTrWC
|d CoD
|d DLC
|d BD-DhAAL
|
| 050 |
0 |
0 |
|a HD31
|b .G4992 1996
|
| 082 |
0 |
0 |
|a 658
|2 21
|
| 100 |
1 |
|
|a Ginsburg, Sigmund G.
|9 12215
|
| 245 |
1 |
0 |
|a Managing with passion :
|b making the most of your job and your life /
|c Sigmund G. Ginsburg.
|
| 260 |
|
|
|a New York :
|b Wiley,
|c c1996.
|
| 300 |
|
|
|a xvii, 254 p. ;
|c 24 cm.
|
| 500 |
|
|
|a Includes index.
|
| 541 |
|
|
|e 2984
|
| 650 |
|
0 |
|a Management.
|9 12216
|
| 650 |
|
0 |
|a Organizational behavior.
|9 12217
|
| 942 |
|
|
|2 ddc
|c BK
|
| 999 |
|
|
|c 34764
|d 34764
|
| 952 |
|
|
|0 0
|1 0
|2 ddc
|4 0
|6 658_000000000000000_GIN
|7 0
|9 54372
|a SCL
|b SCL
|c GEN
|d 2015-06-17
|e Gift: The Asia Foundation
|l 0
|o 658 GIN
|p 3020002984
|r 2015-06-17
|t 1
|w 2015-06-17
|y BK
|
| 952 |
|
|
|0 0
|1 0
|2 ddc
|4 0
|6 658_000000000000000_GIN
|7 0
|9 54382
|a SCL
|b SCL
|c GEN
|d 2015-06-17
|e Gift: The Asia Foundation
|l 0
|o 658 GIN
|p 3020002956
|r 2015-06-17
|t 2
|w 2015-06-17
|y BK
|